| 000 | 01798cab a2200625 4500 | ||
|---|---|---|---|
| 001 | ABS49330 | ||
| 008 | 090401t1993 xxu||||| |||| 00| 0 eng d | ||
| 035 | _a(Sirsi) u70934 | ||
| 041 | _aeng | ||
| 245 | _aYields and rates of interest | ||
| 260 | _c1993 | ||
| 350 | _a0 | ||
| 490 |
_aEstates Gazette _v(9335) 4 September 1993, 117-118(2) |
||
| 520 | _aThis "Mainly for Students" article defines a number of phases used in connection with yields and rates of return taken from from JLW`s "Glossary of property terms" Estates Gazette 1989. | ||
| 650 | _aACCUMULATIVE RATE | ||
| 650 | _aALL RISKS YIELD | ||
| 650 | _aAPR | ||
| 650 | _aBANK RATES | ||
| 650 | _aBASE RATES | ||
| 650 | _aCAPITALISATION RATES | ||
| 650 | _aCORE YIELDS | ||
| 650 | _aCURRENT YIELDS | ||
| 650 | _aDISCOUNT RATES | ||
| 650 | _aDISCOUNTED CASH FLOW | ||
| 650 | _aDIVIDEND YIELDS | ||
| 650 | _aEQUATED YIELDS | ||
| 650 | _aEQUIVALENT YIELDS | ||
| 650 | _aFLAT YIELDS | ||
| 650 | _aGROWTH RATE | ||
| 650 | _aIMPLIED GROWTH RATE | ||
| 650 | _aINITIAL RETURN | ||
| 650 | _aINITIAL YIELDS | ||
| 650 | _aINTEREST RATES | ||
| 650 | _aINTERNAL RATE OF RETURN | ||
| 650 | _aINVESTMENT YIELDS | ||
| 650 | _aMARGINAL YIELDS | ||
| 650 | _aMINIMUM LENDING RATE | ||
| 650 | _aNEUTRAL RATE | ||
| 650 | _aNOMINAL YIELDS | ||
| 650 | _aOPPORTUNITY COSTS | ||
| 650 | _aPRICE EARNINGS (P/E) RATIO | ||
| 650 | _aPRIME YIELDS | ||
| 650 | _aRATE OF INTEREST | ||
| 650 | _aREDEMPTION YIELD | ||
| 650 | _aRETURNS | ||
| 650 | _aREVERSION YIELDS | ||
| 650 | _aRISK FREE | ||
| 650 | _aRUNNING YIELDS | ||
| 650 | _aSTRAIGHT YIELDS | ||
| 650 | _aYEARS PURCHASE | ||
| 650 | _aYIELDS | ||
| 690 | _aPROPERTY-PROPERTY FINANCE AND INVESTMENT | ||
| 942 | _n0 | ||
| 948 | _c04/03/1997 | ||
| 999 |
_c44689 _d44689 |
||